| 000 | 00956ckc a22002295a 4500 | ||
|---|---|---|---|
| 001 | L140537 | ||
| 008 | 070927i19091910xxk eng u | ||
| 035 | _a(Sirsi) u140537 | ||
| 041 | 0 | _aeng | |
| 100 | 1 | _aMinnitt, John W. | |
| 245 | 0 | 1 |
_a[Collection of photographs of views from the windows of 12 Great George Street] _h[graphic] |
| 260 | _c1909-1910 | ||
| 300 |
_a7 photographs _bb&w $2 4 x 30 cm. |
||
| 340 | _aPhotograph | ||
| 351 | _cFonds | ||
| 500 | _aPhotographs show views from the Secretary's Office, Arbitration Room, Council Room and Library. There is also a photograph looking towards Great George Street from Princes Mews, showing the flank wall of 12 Great George Street. | ||
| 500 | _aNotes on the verso of the mount give the date and time the photograph was taken, the position of the camera and the negative number. | ||
| 500 | _aPhotographs are mounted on card. | ||
| 651 | 4 | _aLondon | |
| 690 | _aABOUT RICS | ||
| 942 | _n0 | ||
| 999 |
_c116341 _d116341 |
||